书目信息 |
| 题名: |
普通教育学
|
|
| 作者: | ;北京教育行政学院教育学教研室 编 | |
| 分册: | ||
| 出版信息: | 北京 知识出版社 1983 |
|
| 页数: | 314页 | |
| 开本: | 19cm | |
| 丛书名: | ||
| 单 册: | ||
| 中图分类: | G630 , G40 | |
| 科图分类: | ||
| 主题词: | 普通教育--教育学 , 教育学 | |
| 电子资源: | ||
| ISBN: | ||
| 000 | 00687nam0 2200241 450 | |
| 001 | 1550831253 | |
| 005 | 20150129140433.76 | |
| 010 | @dCNY0.85 | |
| 091 | @a7214.28 | |
| 100 | @a19950630d1983 em y0chiy0110 ea | |
| 101 | 0 | @achi |
| 102 | @aCN@b110000 | |
| 105 | @ay z 000yy | |
| 200 | 1 | @a普通教育学@9pu tong jiao yu xue@f北京教育行政学院教育学教研室编 |
| 210 | @a北京@c知识出版社@d1983 | |
| 215 | @a314页@d19cm | |
| 606 | 0 | @a普通教育@x教育学 |
| 606 | 0 | @a教育学 |
| 690 | @aG630@v5 | |
| 690 | @aG40@v4 | |
| 711 | 02 | @a北京教育行政学院教育学教研室@9bei jing jiao yu xing zheng xue yuan jiao yu xue jiao yan shi@4编 |
| 801 | 0 | @aCN@bTSSF@c20150129 |
| 905 | @aZUCC@dG40@eJY146 | |
| 普通教育学/北京教育行政学院教育学教研室编.-北京:知识出版社,1983 |
| 314页;19cm |
| ISBN :CNY0.85 |
| ● |
| 相关链接 |
|
|
|
|
正题名:普通教育学
索取号:G40/JY146
 
预约/预借
| 序号 | 登录号 | 条形码 | 馆藏地/架位号 | 状态 | 备注 |
| 1 | 7839780 | 278397806 | 学院路分馆/ [索取号:G40/JY146] | 在馆 | |
| 2 | 7858804 | 278588048 | 学院路分馆/ [索取号:G40/JY146] | 在馆 | |
| 3 | 7859221 | 278592211 | 学院路分馆/ [索取号:G40/JY146] | 在馆 |